书目信息 |
| 题名: |
失去的机会?
|
|
| 作者: | 杨奎松 著 | |
| 分册: | ||
| 出版信息: | 南宁 广西师范大学出版社 1992 |
|
| 页数: | 345页 | |
| 开本: | 20cm | |
| 丛书名: | 抗日战争史丛书 | |
| 单 册: | ||
| 中图分类: | K265.19 | |
| 科图分类: | ||
| 主题词: | 国共合作--历史 | |
| 电子资源: | ||
| ISBN: | 7-5633-1403-2 | |
| 000 | 00791nam2 2200265 450 | |
| 001 | 0100582720 | |
| 005 | 20100929131342.0 | |
| 010 | @a7-5633-1403-2@dCNY6.10 | |
| 011 | @a7-5633-1403-2 | |
| 100 | @a20021005d1992 em y0chiy0110 ea | |
| 101 | 0 | @achi |
| 102 | @aCN@b450000 | |
| 105 | @ay z 000yy | |
| 106 | @ar | |
| 200 | 1 | @a失去的机会?@9Shi Qu De;Di Ji Hui;Kuai ? @e抗战前后国共谈判实录@f杨奎松著@b专著 |
| 210 | @a南宁@c广西师范大学出版社@d1992 | |
| 215 | @a345页@d20cm | |
| 225 | 2 | @a抗日战争史丛书@i政治系列 |
| 300 | @a列入国家“八·五”重点图书规划 | |
| 410 | 0 | @12001 @a抗日战争史丛书 |
| 606 | 0 | @a国共合作@x历史 |
| 690 | @aK265.19@v3 | |
| 701 | 0 | @a杨奎松@f(1953.10~)@9yang kui song@4著 |
| 801 | 0 | @aCN@bAiZhiMarc@c19970729 |
| 905 | @aBZT@dK265.19@e1@f2@sK265.19/1 | |
| 失去的机会?:抗战前后国共谈判实录/杨奎松著.-南宁:广西师范大学出版社,1992 |
| 345页;20cm.-(抗日战争史丛书.政治系列) |
| 列入国家“八·五”重点图书规划 |
| ISBN 7-5633-1403-2:CNY6.10 |
| ● |
| 相关链接 |
|
|
|
正题名:失去的机会?
索取号:K265.19/1
 
预约/预借
| 序号 | 登录号 | 条形码 | 馆藏地/架位号 | 状态 | 备注 |
| 1 | 2000098158 | 2000098158 | 旧书回溯/ [索取号:K265.19/1] | 在馆 | |
| 2 | 2000098159 | 2000098159 | 旧书回溯/ [索取号:K265.19/1] | 在馆 |